MARC details
| 000 -LEADER |
| fixed length control field |
01345pam a2200325 a 4500 |
| 001 - CONTROL NUMBER |
| control field |
637253 |
| 003 - CONTROL NUMBER IDENTIFIER |
| control field |
GZU |
| 005 - DATE AND TIME OF LATEST TRANSACTION |
| control field |
20210315094827.0 |
| 008 - FIXED-LENGTH DATA ELEMENTS--GENERAL INFORMATION |
| fixed length control field |
931227s1994 enka b 001 0 eng |
| 020 ## - INTERNATIONAL STANDARD BOOK NUMBER |
| International Standard Book Number |
0852554079 (J. Currey : pbk.) |
| 020 ## - INTERNATIONAL STANDARD BOOK NUMBER |
| International Standard Book Number |
0852554087 (J. Currey : cloth) |
| 020 ## - INTERNATIONAL STANDARD BOOK NUMBER |
| International Standard Book Number |
0435089536 (Heinemann : cloth) |
| 040 ## - CATALOGING SOURCE |
| Transcribing agency |
DLC |
| 050 00 - LIBRARY OF CONGRESS CALL NUMBER |
| Classification number |
HQ1240.A357 |
| Item number |
ADE 1994 |
| 245 00 - TITLE STATEMENT |
| Title |
Gender, work & population in sub-Saharan Africa / |
| Statement of responsibility, etc. |
edited by Aderanti Adepoju, Christine Oppong. |
| 246 3# - VARYING FORM OF TITLE |
| Title proper/short title |
Gender, work, and population in sub-Saharan Africa |
| 260 ## - PUBLICATION, DISTRIBUTION, ETC. |
| Place of publication, distribution, etc. |
London : |
| Name of publisher, distributor, etc. |
Published on behalf of International Labour Office, Geneva by J. Currey ; |
| Place of publication, distribution, etc. |
Portsmouth, N.H. : |
| Name of publisher, distributor, etc. |
Heinemann, |
| Date of publication, distribution, etc. |
1994. |
| 300 ## - PHYSICAL DESCRIPTION |
| Extent |
x, 245 p. : |
| Other physical details |
ill. ; |
| Dimensions |
25 cm. |
| 504 ## - BIBLIOGRAPHY, ETC. NOTE |
| Bibliography, etc. note |
Includes bibliographical references (p. 226-240) and index. |
| 650 #0 - SUBJECT ADDED ENTRY--TOPICAL TERM |
| Topical term or geographic name entry element |
Women in rural development |
| Geographic subdivision |
Africa, Sub-Saharan. |
| 650 #0 - SUBJECT ADDED ENTRY--TOPICAL TERM |
| Topical term or geographic name entry element |
Women |
| General subdivision |
Employment |
| Geographic subdivision |
Africa, Sub-Saharan. |
| 650 #0 - SUBJECT ADDED ENTRY--TOPICAL TERM |
| Topical term or geographic name entry element |
Work and family |
| Geographic subdivision |
Africa, Sub-Saharan. |
| 650 #0 - SUBJECT ADDED ENTRY--TOPICAL TERM |
| Topical term or geographic name entry element |
Fertility, Human |
| Geographic subdivision |
Africa, Sub-Saharan. |
| 700 1# - ADDED ENTRY--PERSONAL NAME |
| Personal name |
Adepoju, Aderanti. |
| 700 1# - ADDED ENTRY--PERSONAL NAME |
| Personal name |
Oppong, Christine. |
| 710 2# - ADDED ENTRY--CORPORATE NAME |
| Corporate name or jurisdiction name as entry element |
International Labour Office. |
| 906 ## - LOCAL DATA ELEMENT F, LDF (RLIN) |
| a |
7 |
| b |
cbc |
| c |
orignew |
| d |
1 |
| e |
ocip |
| f |
19 |
| g |
y-gencatlg |
| 942 ## - ADDED ENTRY ELEMENTS (KOHA) |
| Source of classification or shelving scheme |
Library of Congress Classification |
| Koha item type |
Books |
| Classification part |
1240.A357 |
| Item part |
ADE |
| Call number prefix |
HQ |